Premier League 24/25 Stats Categories - Statistics

General Stats
  • This quiz has been taken 19 times
  • The average score is 22 of 40
Answer Stats
Stat Rank Answer # % Correct
Assists 1 Mohamed Salah 18
100%
Shots on Target 2 Mohamed Salah 50
100%
Goals 1 Mohammed Salah 29
100%
Shots 2 Mohammed Salah 121
100%
Goals 3 Erling Haaland 22
94%
Shots 5 Erling Haaland 104
94%
Shots on Target 1 Erling Haaland 55
94%
Goals 2 Alexander Isak 23
75%
Shots on Target 5 Alexander Isak 41
75%
Shots 3 Cole Palmer 121
75%
Shots on Target 3 Cole Palmer 44
75%
Saves 4 Jordan Pickford 117
75%
Assists 5 Bukayo Saka 10
69%
Successful Dribbles 1 Jeremy Doku 107
69%
Goals 4 Mbeumo 20
69%
Passes Completed 1 Virgil van Dijk 2687
69%
Passes Completed 5 Ruben Dias 2167
63%
Passes Completed 3 William Saliba 2413
63%
Shots 1 Antoine Semenyo 125
56%
Successful Dribbles 3 Antoine Semenyo 69
56%
Assists 4 Bruno Fernandes 10
56%
Saves 2 Aaron Ramsdale 120
44%
Saves 3 Matz Sels 119
44%
Goals 5 Wood 20
44%
Saves 1 Mark Flekken 150
38%
Yellow Cards 5 Moises Caicedo 11
38%
Successful Dribbles 5 Eberechi Eze 67
31%
Passes Completed 2 Josko Gvardiol 2454
31%
Shots 4 Matheus Cunha 110
31%
Shots on Target 4 Matheus Cunha 44
31%
Assists 3 Anthony Elanga 11
25%
Saves 5 Bernd Leno 106
25%
Yellow Cards 4 Dan Burn 11
25%
Assists 2 Jacob Murphy 12
25%
Yellow Cards 2 Liam Delap 12
25%
Successful Dribbles 2 Mohammed Kudus 92
25%
Successful Dribbles 4 Iliman Ndiaye 68
19%
Yellow Cards 3 Sasa Lukic 12
19%
Passes Completed 4 Levi Colwill 2338
6%
Yellow Cards 1 Flynn Downes 12
0%
No matching quizzes found
Score Distribution
Percent of People with Each Score
Percentile by Number Answered
Your Score History
You have not taken this quiz